| Tag |
First Indicator |
Second Indicator |
Subfields |
| LEADER |
00000cam a2200000 i 4500 |
| 001 |
in00000491221 |
| 005 |
20151013053134.0 |
| 008 |
750729s1975 wb a b 00110 engx |
| 010 |
|
|
|a 75025635
|
| 020 |
|
|
|a 038707399X :
|c DM23.00
|
| 035 |
|
|
|a (OCoLC)01582691
|
| 035 |
|
|
|9 ACB8239AM
|
| 040 |
|
|
|a DLC
|c DLC
|d TXA
|d UtOrBLW
|
| 049 |
|
|
|a TXAM
|c [1472223]
|
| 050 |
0 |
0 |
|a QA3
|b .L28 no. 481
|a QA312
|
| 082 |
0 |
|
|a 510/.8 s
|a 515/.43
|
| 100 |
1 |
|
|a Guzmán, Miguel de,
|d 1936-2004.
|
| 245 |
1 |
0 |
|a Differentiation of integrals in R[Superscript n] /
|c Miguel de Guzman.
|
| 264 |
|
1 |
|a Berlin ;
|a New York :
|b Springer Verlag,
|c 1975.
|
| 300 |
|
|
|a xi, 226 pages :
|b illustrations ;
|c 25 cm.
|
| 336 |
|
|
|a text
|b txt
|2 rdacontent
|
| 337 |
|
|
|a unmediated
|b n
|2 rdamedia
|
| 338 |
|
|
|a volume
|b nc
|2 rdacarrier
|
| 490 |
1 |
|
|a Lecture notes in mathematics ; 481
|
| 500 |
|
|
|a Includes index.
|
| 504 |
|
|
|a Bibliography: pages [215]-222.
|
| 650 |
|
0 |
|a Integrals, Generalized.
|
| 650 |
|
0 |
|a Measure theory.
|
| 830 |
|
0 |
|a Lecture notes in mathematics (Springer-Verlag) ;
|v 481.
|
| 999 |
|
|
|a MARS
|
| 999 |
f |
f |
|s df273899-819f-3678-9dbf-c6a7b8504d0e
|i 144b567a-fc5b-3466-adfb-53da9eb04dd7
|t 0
|
| 952 |
f |
f |
|p ric
|a Texas A&M University
|b Rellis Campus
|c Joint Library Facility
|d Remote Storage
|t 0
|e QA3 .L28 no. 481
|h Library of Congress classification
|i unmediated -- volume
|m A14804425152
|
| 998 |
f |
f |
|a QA3 .L28 no. 481
|t 0
|l Remote Storage
|